Successioni per causa di morte

Furkejuvvon:
Bibliográfalaš dieđut
Váldodahkki: Cicu, Antonio (Dahkki)
Materiálatiipa: Girji
Giella:itáliagiella
Almmustuhtton: Milán Dott. A. Giuffre 1958
Ráidu:Trattato di Diritto Civile e Commerciale, 42, t.2
Fáttát:
Fáddágilkorat: Lasit fáddágilkoriid
Eai fáddágilkorat, Lasit vuosttaš fáddágilkora!

MARC

LEADER 00000nam a2200000 a 4500
001 UCS1162
003 CL-VaPUC
008 970509e19580000IT |||||||||||||||||ita|d
082 0 4 |a 346.05  |b CIC  |2 21 
100 0 |a Cicu, Antonio  |e author  |9 385335 
245 1 0 |a Successioni per causa di morte 
300 |a v 
942 |c BK 
945 |d 19970509 00:00:00  |a cmena 
260 |a Milán  |b Dott. A. Giuffre  |c 1958 
500 |a v.1: Parte generale. Divisione ereditaria 
650 0 |a Derecho sucesorio  |9 255015 
650 0 |a Muerte  |9 265114 
650 0 |a Testamento  |9 258220 
650 0 |a Herencia  |9 256325 
650 0 |a Herederos  |9 357054 
650 0 |a Derecho civil  |9 255013 
650 7 |a RESPONSABILIDAD CIVIL  |2 CL-VaPUC  |9 385336 
650 0 |a Código civil  |9 256135 
650 0 |a Derecho privado  |9 258243 
650 0 |a Derecho italiano  |9 385337 
651 0 |a Italia  |9 254949 
583 |a last modification  |c 19970509 00:00:00  |k Rodrigo Vera 
490 0 |a Trattato di Diritto Civile e Commerciale, 42, t.2 
999 |c 259264  |d 259262 
952 |0 0  |1 0  |4 0  |6 346_050000000000000_CIC_1958  |7 0  |8 P  |9 283910  |a BIBDER  |b BIBDER  |d 2019-11-19  |h v.1  |i 1844792  |o 346.05 CIC 1958  |p 1844792  |r 2023-01-25  |w 2019-11-19  |y BK  |k DER